| 000 | 00642nam a22001817a 4500 | ||
|---|---|---|---|
| 999 |
_c177370 _d177370 |
||
| 005 | 20210219123158.0 | ||
| 010 | _aENG-129042 | ||
| 020 |
_c599.00 _a978-1-4736-8366-2 |
||
| 035 | _aEN-112574 | ||
| 037 | _bDBAD/PUB | ||
| 082 | _a330.9 | ||
| 100 | _aDavidson, Adam | ||
| 245 |
_aThe New Rules for Thriving in the Twenty- First Century: the passion economy/ _cAdam Davidson |
||
| 260 |
_aGurugram _bHachette Book Publishing India Pvt. Ltd. _c2020 |
||
| 270 |
_bGurugram _a4th/5th Floors, Corporate Centre, Plot No- 94, Sec- 44 _e122003 |
||
| 300 |
_axxi+307p. _c24cm(pbk) _bIncluding index. |
||
| 942 |
_2ddc _cEN _h330.9 _mDAV |
||